| 000 | 00346nam a22001337a 4500 | ||
|---|---|---|---|
| 020 | _a9788496449886 | ||
| 040 | _cNUST | ||
| 082 | _a721.84 VID | ||
| 100 |
_aVidiella, Alex Sanchez _989466 |
||
| 245 |
_aTerrazas Y Balcones: _bSoluciones Urbanas |
||
| 260 |
_aMEXICO: _bLoft Publications, _c2009. |
||
| 650 |
_aTerrazas _989467 |
||
| 942 |
_2ddc _cBK |
||
| 999 |
_c588195 _d588195 |
||